000
00413nam a22001337a 4500
003
MACL
005
20190515122649.0
008
190515b xxu||||| |||| 00| 0 eng d
040
_c
MACL
100
_4
वर्मा श्याम बहादुर , वर्मा मधु
245
_a
वृहद विश्व सूक्ति कोश
630
_l
कोश
_9
74826
942
_2
ddc
_c
HIN
999
_c
59728
_d
59728